ESTAMPAS DEL MUNDO ROMANICO (Registro nro. 23697)
[ vista simple ]
| 000 -LEADER | |
|---|---|
| fixed length control field | 00458nam a2200181 a 4500 |
| 001 - CONTROL NUMBER | |
| control field | 23697 |
| 005 - DATE AND TIME OF LATEST TRANSACTION | |
| control field | 20180713221808.0 |
| 008 - FIXED-LENGTH DATA ELEMENTS--GENERAL INFORMATION | |
| fixed length control field | 140415s1946 000 0 spa d |
| 041 ## - LANGUAGE CODE | |
| Language code of text/sound track or separate title | spa |
| 082 ## - DEWEY DECIMAL CLASSIFICATION NUMBER | |
| Classification number | 859.9 |
| Item number | VOS |
| 100 1# - MAIN ENTRY--PERSONAL NAME | |
| Personal name | VOSSLER, CARLOS |
| 245 10 - TITLE STATEMENT | |
| Title | ESTAMPAS DEL MUNDO ROMANICO |
| 260 ## - PUBLICATION, DISTRIBUTION, ETC. | |
| Place of publication, distribution, etc. | [s.l.] : |
| Name of publisher, distributor, etc. | ESPASA-CALPE, |
| Date of publication, distribution, etc. | 1946 |
| 300 ## - PHYSICAL DESCRIPTION | |
| Extent | 148 |
| 490 ## - SERIES STATEMENT | |
| Series statement | AUSTRAL |
| Volume/sequential designation | 624 |
| 650 14 - SUBJECT ADDED ENTRY--TOPICAL TERM | |
| Topical term or geographic name entry element | LITERATURA |
| 700 1# - ADDED ENTRY--PERSONAL NAME | |
| Personal name | GONZALEZ V., F. |
| Relator term | tr. |
| Withdrawn status | Lost status | Source of classification or shelving scheme | Damaged status | Not for loan | Collection code | Home library | Current library | Shelving location | Date acquired | Source of acquisition | Inventory number | Total Checkouts | Full call number | Barcode | Date last seen | Price effective from | Koha item type |
|---|---|---|---|---|---|---|---|---|---|---|---|---|---|---|---|---|---|
| Dewey Decimal Classification | General | Biblioteca Karol Wojtyla | Biblioteca Karol Wojtyla | Sala general | 03/12/2013 | Compra | 151000000000000000033074 | 859.9 VOS | 44553 | 05/02/2026 | 03/12/2013 | Libro |